De Paula 41 al Museo Casa Natal José Martí : (Registro nro. 24346)
[ vista simple ]
| 000 -CABECERA | |
|---|---|
| campo de control de longitud fija | 00850nam a2200217 a 4500 |
| 001 - NÚMERO DE CONTROL | |
| campo de control | 000024853 |
| 005 - FECHA Y HORA DE LA ÚLTIMA TRANSACCIÓN | |
| campo de control | 20200930023417.0 |
| 008 - DATOS DE LONGITUD FIJA--INFORMACIÓN GENERAL | |
| campo de control de longitud fija | 110207s1988 cu abc r 000 0 spa d |
| 040 ## - FUENTE DE LA CATALOGACIÓN | |
| Centro catalogador/agencia de origen | DO-SdBNP |
| Lengua de catalogación | spa |
| Centro/agencia transcriptor | BNPHU |
| 082 ## - NÚMERO DE LA CLASIFICACIÓN DECIMAL DEWEY | |
| Número de clasificación | 928.7291 |
| Número de documento/Ítem | M378D |
| 049 ## - FONDOS LOCALES (OCLC) | |
| Fondos de biblioteca | BNGR |
| 100 1# - ENTRADA PRINCIPAL--NOMBRE DE PERSONA | |
| Nombre de persona | Díaz Méndez, Mary Nieves, |
| Fechas asociadas al nombre | 1951- |
| 9 (RLIN) | 51002 |
| 245 10 - MENCIÓN DE TÍTULO | |
| Título | De Paula 41 al Museo Casa Natal José Martí : |
| Resto del título | historia de un hombre contada por su casa / |
| Mención de responsabilidad, etc. | Mary Nieves Díaz Méndez ; edición Dulcila Cañizares. |
| 260 ## - PUBLICACIÓN, DISTRIBUCIÓN, ETC. | |
| Lugar de publicación, distribución, etc. | La Habana, Cuba : |
| Nombre del editor, distribuidor, etc. | Letras Cubanas, |
| Fecha de publicación, distribución, etc. | 1988. |
| 300 ## - DESCRIPCIÓN FÍSICA | |
| Extensión | 125, [1] p. : |
| Otras características físicas | il., mapas, retrs. ; |
| Dimensiones | 18 cm. |
| 504 ## - NOTA DE BIBLIOGRAFÍA, ETC. | |
| Nota de bibliografía, etc. | Incluye referencias bibliográficas (121-124) |
| 600 14 - PUNTO DE ACCESO ADICIONAL DE MATERIA--NOMBRE DE PERSONA | |
| Nombre de persona | MARTÍ, JOSÉ, |
| Fechas asociadas al nombre | 1853-1895 |
| Subdivisión general | BIOGRAFÍA |
| 9 (RLIN) | 19222 |
| 650 #4 - PUNTO DE ACCESO ADICIONAL DE MATERIA--TÉRMINO DE MATERIA | |
| Término de materia o nombre geográfico como elemento de entrada | Literatura cubana |
| 9 (RLIN) | 1483 |
| 651 #4 - PUNTO DE ACCESO ADICIONAL DE MATERIA--NOMBRE GEOGRÁFICO | |
| Nombre geográfico | Cuba |
| Subdivisión general | Política Y Gobierno |
| 9 (RLIN) | 541 |
| 700 1# - PUNTO DE ACCESO ADICIONAL--NOMBRE DE PERSONA | |
| Nombre de persona | Cañizares, Dulcila |
| Término indicativo de función/relación | ed. |
| 9 (RLIN) | 51003 |
| Estado de retiro | Estado de pérdida | Restricciones de uso | No para préstamo | Código de colección | Localización permanente | Ubicación/localización actual | Ubicación en estantería | Fecha de adquisición | Número de inventario | Total de préstamos | Signatura topográfica completa | Código de barras | Fecha visto por última vez | Precio válido a partir de | Tipo de ítem Koha |
|---|---|---|---|---|---|---|---|---|---|---|---|---|---|---|---|
| Monografías: Libros y Folletos | General | General | En catalogación | 07.02.2011 | LF1 | 928.7291 M378D | 24853-10 | 25.06.2020 | 25.06.2020 | Préstamo en sala |
